[Event "9th Amantea Open"]
[Site "Amantea ITA"]
[Date "2011.09.06"]
[Round "3"]
[White "Levin,F"]
[Black "Dvirnyy,D"]
[Result "1/2-1/2"]
[WhiteElo "2482"]
[BlackElo "2457"]

1.d4 d5 2.c4 c6 3.Nc3 Nf6 4.e3 e6 5.Nf3 Nbd7 6.Qc2 Bd6 7.Bd3 dxc4 8.Bxc4 b5
9.Bd3 Bb7 10.O-O O-O 11.Rd1 Qb8 12.a3 a5 13.h3 b4 14.Ne4 Nxe4 15.Bxe4 Nf6
16.Nd2 Rc8 17.b3 Nxe4 18.Nxe4 c5 19.Nxd6 Qxd6 20.dxc5 Qe5 21.Bb2 Qg5 22.f4 Rxc5
23.Qd2 Qxg2+ 24.Qxg2 Bxg2 25.Rd2 Bd5 26.axb4 Rb5 27.bxa5 Rxb3 28.Kf2 f6 29.a6 Kf7
30.a7 g5 31.fxg5 fxg5 32.Be5 Kg6 33.Bb8 h5 34.Ra4 Kf5 35.Re2 Be4 36.Ra5+ Kg6
37.Rd2  1/2-1/2

[Event "3rd Zenderood Open"]
[Site "Esfahan IRI"]
[Date "2011.09.06"]
[Round "7"]
[White "Asgharzadeh,M.reza"]
[Black "Avetisian,Man"]
[Result "1/2-1/2"]
[WhiteElo "1990"]
[BlackElo "2276"]

1.d4 d5 2.c4 c6 3.Nc3 Nf6 4.Nf3 e6 5.e3 a6 6.cxd5 exd5 7.Qc2 c5 8.Be2 Nc6
9.O-O Bd6 10.Ne5 Qc7 11.Nxc6 Qxc6 12.Bf3 Be6 13.dxc5 Qxc5 14.Rd1 O-O 15.Qd3 Rfd8
16.b3 Ng4 17.Bxg4 Bxg4 18.Rd2 Be5 19.Bb2 Rac8 20.Na4 Qc7 21.Bxe5 Qxe5 22.Qd4 Qxd4
23.Rxd4 Be6 24.Rad1 b5 25.Nb6 Rc6 26.Nxd5 Rxd5 27.Rxd5 Bxd5 28.g3 g6 29.Rxd5 Rc2
30.a4 b4 31.Rd6 Rc3 32.Rxa6 Rxb3 33.Rb6 h5 34.a5 Ra3 35.Rxb4 Rxa5  1/2-1/2

[Event "TCh-POL 1st League"]
[Site "Mrzezyno POL"]
[Date "2011.09.06"]
[Round "4"]
[White "Staniszewski,Pi"]
[Black "Sadzikowski,D"]
[Result "1/2-1/2"]
[WhiteElo "2423"]
[BlackElo "2370"]

1.d4 d5 2.Nf3 Nf6 3.c4 e6 4.Nc3 c6 5.e3 Nbd7 6.Bd3 dxc4 7.Bxc4 b5 8.Bd3 a6
9.e4 c5 10.d5 Qc7 11.O-O c4 12.dxe6 fxe6 13.Bc2 Bb7 14.Ng5 Nc5 15.e5 Qxe5
16.Re1 Qd6 17.Qxd6 Bxd6 18.Be3 O-O 19.Bxc5 Bxc5 20.Nxe6 Rfc8 21.h3 Rab8 22.Re5 Bb4
23.a4 Re8 24.axb5 Bxc3 25.bxc3 Bc8 26.Rae1 Rxb5 27.R5e2 Ra5 28.Nd4 Rxe2 29.Rxe2 Bd7
30.Be4 Ra1+ 31.Kh2 Nxe4 32.Rxe4 Kf8 33.Nf3 Bb5 34.Nd4 Rc1 35.Ne6+ Kf7 36.Nd8+ Kf8
37.Ne6+ Kf7 38.Nd8+  1/2-1/2

[Event "Yuzhny Open"]
[Site "Yuzhny UKR"]
[Date "2011.09.06"]
[Round "6.1"]
[White "Kovalenko,I"]
[Black "Kovalev,De"]
[Result "1-0"]
[WhiteElo "2578"]
[BlackElo "2467"]

1.d4 d5 2.c4 c6 3.Nc3 Nf6 4.Nf3 e6 5.e3 Nbd7 6.Bd3 dxc4 7.Bxc4 b5 8.Bd3 Bd6
9.O-O O-O 10.e4 e5 11.Ne2 c5 12.d5 c4 13.Bc2 Nc5 14.Ng3 a5 15.Bg5 h6 16.Be3 Re8
17.Rc1 a4 18.h3 a3 19.b3 cxb3 20.axb3 Na6 21.Bd3 Bd7 22.Qe2 Rb8 23.Nh4 Nb4
24.Nhf5 Bf8 25.d6 Kh7 26.Bc5 Nxd3 27.Qxd3 b4 28.Rfe1 Qa5 29.f4 g6 30.fxe5 Rxe5
31.Qd4 Bxf5 32.Qxe5 Nd7 33.Qf4 Be6 34.Bd4 Qg5 35.Qxg5 hxg5 36.e5 Bxb3 37.Rc7 Be6
38.Ne4 Kh6 39.Be3 b3 40.Nxg5 b2 41.Nxe6+ g5 42.Bd4 fxe6 43.Rxd7 a2 44.Bxb2 Rxb2
45.Ra7 Rb1 46.Kf2  1-0

[Event "Yuzhny Open"]
[Site "Yuzhny UKR"]
[Date "2011.09.06"]
[Round "6.29"]
[White "Neschetny,V"]
[Black "Gavriliuk,A"]
[Result "0-1"]
[WhiteElo "2123"]
[BlackElo "1864"]

1.Nf3 d5 2.d4 Nf6 3.c4 e6 4.Nc3 c6 5.e3 Nbd7 6.Qc2 Bd6 7.b3 Qe7 8.Be2 O-O
9.O-O dxc4 10.bxc4 e5 11.dxe5 Nxe5 12.Nd4 Bc7 13.f4 Neg4 14.Rf3 Re8 15.h3 Nh6
16.g4 Nfxg4 17.hxg4 Bxg4 18.Rf2 Rad8 19.Bd2 Bb6 20.Bd3 Rxd4 21.exd4 Bxd4
22.Re1 Bxf2+ 23.Kxf2 Qh4+ 24.Kg2 Qh3+ 25.Kg1 Qg3+  0-1

[Event "Yuzhny Open"]
[Site "Yuzhny UKR"]
[Date "2011.09.07"]
[Round "8.31"]
[White "Yavorovsky,V"]
[Black "Zhak,B"]
[Result "1-0"]
[WhiteElo "2263"]
[BlackElo "1924"]

1.d4 d5 2.Nf3 Nf6 3.c4 c6 4.Nc3 e6 5.e3 Be7 6.Bd3 O-O 7.O-O Nbd7 8.b3 dxc4
9.bxc4 c5 10.Qe2 cxd4 11.exd4 b6 12.Rd1 Bb7 13.Ne5 Qc8 14.Bg5 Re8 15.f4 h6
16.Bh4 Nd5 17.cxd5 Bxh4 18.Ne4 Nxe5 19.fxe5 Be7 20.d6 Bd8 21.Rac1 Qb8 22.Qg4 Kh8
23.Rf1 Rf8 24.Qh5 Kg8 25.h4 Bd5 26.Ng5 Qb7 27.Rxf7 Rxf7 28.Qg6 Kf8 29.Qh7 Ke8
30.Bb5+ Bc6 31.Qg8+ Rf8 32.Qxe6+  1-0

[Event "9th Amantea Open"]
[Site "Amantea ITA"]
[Date "2011.09.08"]
[Round "6"]
[White "Rotelli,P"]
[Black "Rotunno,Giuseppe"]
[Result "0-1"]
[WhiteElo "1918"]
[BlackElo "2037"]

1.d4 d5 2.c4 c6 3.Nc3 Nf6 4.Nf3 e6 5.e3 Nbd7 6.Bd3 Be7 7.O-O dxc4 8.Bxc4 b5
9.Bd3 Bb7 10.b3 O-O 11.Bb2 Rc8 12.Qe2 b4 13.Na4 c5 14.dxc5 Nxc5 15.Nxc5 Rxc5
16.Bd4 Rh5 17.Bxf6 Bxf6 18.Rad1 Qc7 19.g3 g6 20.e4 Bc3 21.Qe3 Ra5 22.Qh6 Rh5
23.Qe3 Qa5 24.g4 Rc5 25.Rc1 Rfc8 26.Rc2 Qc7 27.Rfc1 Rd8 28.Bc4 h5 29.h3 Kg7
30.Re2 a5 31.g5 a4 32.Rxc3 bxc3 33.Qxc3+ Kh7 34.Qf6  0-1

[Event "3rd Zenderood Open"]
[Site "Esfahan IRI"]
[Date "2011.09.08"]
[Round "9"]
[White "Gaprindashvili,V"]
[Black "Mammadov,A"]
[Result "0-1"]
[WhiteElo "2410"]
[BlackElo "2398"]

1.d4 d5 2.c4 e6 3.Nc3 c6 4.e3 Nf6 5.Nf3 Nbd7 6.Qc2 Bd6 7.g4 h6 8.Bd2 dxc4
9.Bxc4 b5 10.Be2 Bb7 11.e4 Be7 12.e5 b4 13.exf6 bxc3 14.fxe7 cxd2+ 15.Qxd2 Qxe7
16.O-O h5 17.g5 O-O 18.Rfd1 c5 19.Qe3 Rad8 20.dxc5 Nxc5 21.Ne5 Rd5 22.Bxh5 Ne4
23.Rxd5 exd5 24.f4 Qb4 25.b3 d4 26.Qd3 Qd6 27.Re1 g6 28.Bg4 Nc5 29.Qg3 d3
30.Qe3 Rd8 31.Rd1 a5 32.Bf3 Bxf3 33.Qxf3 Qd4+ 34.Kg2 Rd6 35.h4 Kg7 36.Rd2 Ne6
37.Kh2 Nxf4 38.Nxf7 Re6 39.Qb7 Qe4 40.Qa7 Re7 41.Nd6 Qe1 42.Qd4+ Kh7 43.Qxf4 Re2+  0-1

[Event "VII Ugra Governor's Cup"]
[Site "Khanty-Mansiysk RUS"]
[Date "2011.09.08"]
[Round "9"]
[White "Khismatullin,D"]
[Black "Maletin,P"]
[Result "1-0"]
[WhiteElo "2656"]
[BlackElo "2575"]

1.d4 d5 2.c4 c6 3.Nc3 Nf6 4.e3 e6 5.Nf3 Nbd7 6.Bd3 dxc4 7.Bxc4 b5 8.Bd3 Bd6
9.O-O O-O 10.Bd2 Bb7 11.a3 a5 12.Rc1 Rc8 13.e4 e5 14.dxe5 Nxe5 15.Nxe5 Bxe5
16.Qe2 Re8 17.Rfd1 Qd6 18.g3 Qe7 19.f3 h5 20.Be3 Rcd8 21.Bb1 Bc8 22.Bb6 Rxd1+
23.Nxd1 h4 24.f4 Bb8 25.Nf2 hxg3 26.hxg3 Bf5 27.Qc2 Bxe4 28.Nxe4 Nxe4 29.Re1 Qb7
30.Bd4 c5 31.Bxc5 Ba7 32.b4 axb4 33.axb4 Bxc5+  1-0

[Event "TCh-POL 1st League"]
[Site "Mrzezyno POL"]
[Date "2011.09.08"]
[Round "6"]
[White "Sadzikowski,D"]
[Black "Sieciechowicz,M"]
[Result "1-0"]
[WhiteElo "2370"]
[BlackElo "2422"]

1.d4 d5 2.c4 c6 3.Nc3 Nf6 4.Nf3 e6 5.e3 Nbd7 6.Qc2 Bd6 7.Bd3 O-O 8.O-O h6
9.b3 b6 10.Bb2 Bb7 11.Rad1 Rc8 12.e4 dxe4 13.Nxe4 Nxe4 14.Bxe4 Qc7 15.Rfe1 Rfd8
16.h3 Be7 17.Qe2 Bf6 18.Bc1 Re8 19.Bb1 Rcd8 20.Qe4 Nf8 21.Qg4 Kh8 22.Qh5 Kg8
23.Be3 Nd7 24.Qg4 Kf8 25.Bf4 Qc8 26.Bh7 g5 27.Bd6+ Kg7 28.Bc2 Be7 29.Bxe7 Rxe7
30.h4 Nf6 31.Qg3 Qc7 32.hxg5 Ne8 33.gxh6+ Kh8 34.Ne5 c5 35.dxc5 Rc8 36.b4 bxc5
37.Ba4  1-0

[Event "TCh-POL 1st League"]
[Site "Mrzezyno POL"]
[Date "2011.09.08"]
[Round "6"]
[White "Staniszewski,Pi"]
[Black "Rutkowski,M"]
[Result "1/2-1/2"]
[WhiteElo "2423"]
[BlackElo "2388"]

1.d4 d5 2.Nf3 Nf6 3.c4 c6 4.Nc3 e6 5.e3 a6 6.Qc2 c5 7.dxc5 Bxc5 8.a3 dxc4
9.Bxc4 b5 10.Bd3 Nbd7 11.Ne4 Qb6 12.b4 Be7 13.Bb2 Bb7 14.Bd4 Qc6 15.Nxf6+ Bxf6
16.Qxc6 Bxc6 17.Bxf6 Nxf6 18.Ne5 Be4 19.Ke2 Bxd3+ 20.Nxd3 Ke7 21.Rhc1 Rhc8
22.f3 Nd5 23.e4 Nb6 24.Ne5 f6 25.Nc6+ Kd7 26.Na5 Ke7 27.Nc6+ Kd7 28.Na5 Ke7
29.Nc6+ Kd7 30.Na5 Ke7  1/2-1/2

[Event "TCh-POL 1st League"]
[Site "Mrzezyno POL"]
[Date "2011.09.09"]
[Round "7"]
[White "Le Roux,JP"]
[Black "Walach,M"]
[Result "1/2-1/2"]
[WhiteElo "2522"]
[BlackElo "2369"]

1.d4 d5 2.c4 e6 3.Nc3 Nf6 4.Nf3 c6 5.e3 Nbd7 6.Bd3 dxc4 7.Bxc4 b5 8.Bd3 Bb7
9.e4 b4 10.Na4 c5 11.e5 Nd5 12.Nxc5 Nxc5 13.dxc5 Qa5 14.Nd4 Bxc5 15.Nb3 Qb6
16.Nxc5 Qxc5 17.Qg4 Ne7 18.Be3 Qxe5 19.Qxb4 Bxg2 20.Rg1 Rb8 21.Qa3 Bd5 22.Rc1 f5
23.Qxa7 Qxb2 24.Rxg7 Qxg7 25.Qxb8+ Kf7 26.Qd6 Rc8 27.Rxc8 Nxc8 28.Qc7+ Ne7
29.Be2 Qa1+ 30.Bc1 Bxa2  1/2-1/2

[Event "Shenzhen WGP 2011"]
[Site "Shenzhen CHN"]
[Date "2011.09.10"]
[Round "4"]
[White "Danielian,E"]
[Black "Ruan Lufei"]
[Result "0-1"]
[WhiteElo "2517"]
[BlackElo "2477"]

1.d4 d5 2.c4 c6 3.Nc3 Nf6 4.e3 e6 5.Nf3 Nbd7 6.Qc2 Bd6 7.Bd3 dxc4 8.Bxc4 b5
9.Bd3 Bb7 10.O-O O-O 11.a3 a6 12.b4 a5 13.Rb1 axb4 14.axb4 Qe7 15.e4 e5 16.Ne2 Bxb4
17.Ng3 exd4 18.e5 Nxe5 19.Nxe5 c5 20.Bf4 c4 21.Bf5 d3 22.Qd1 Nd5 23.Qg4 Nxf4
24.Qxf4 g6 25.Nd7 Rfd8 26.Qd4 Ra6 27.Rxb4 Qxb4 28.Nf6+ Rxf6 29.Qxd8+ Kg7
30.Qc7 Bc6 31.Be4 Qd6 32.Qa5 Qe5 33.Bxc6 Rxc6 34.Re1 Ra6 35.Qb4 Ra1 36.Rxa1 Qxa1+
37.Nf1 Qe5 38.Qd2 Qd4 39.Qb4 Qe5 40.Qd2 h5 41.f4 Qd4+ 42.Qf2 Qf6 43.Qd2 b4
44.Qxb4 c3 45.Nd2 c2 46.Qa3 Qd4+ 47.Kh1 Qe3 48.Qc3+ Kh7 49.Nb3 Qe2 50.h4 d2
51.Kh2 d1=Q  0-1

[Event "Sorea Open"]
[Site "Stara Lubovna SVK"]
[Date "2011.09.10"]
[Round "5"]
[White "Najgebauer,S"]
[Black "Tropp,F"]
[Result "1/2-1/2"]
[WhiteElo "2214"]
[BlackElo "2091"]

1.d4 d5 2.c4 c6 3.Nf3 Nf6 4.Nc3 e6 5.e3 Nbd7 6.Qc2 Bd6 7.g4 h6 8.h3 dxc4
9.Bxc4 b5 10.Be2 Bb7 11.e4 b4 12.e5 bxc3 13.bxc3 c5 14.exd6 cxd4 15.cxd4 Be4
16.Qc7 O-O 17.Qxd8 Rfxd8 18.O-O Nb6 19.Ba3 Ne8 20.Nd2  1/2-1/2

[Event "e2e4 High Wycombe Open"]
[Site "Uplands Park ENG"]
[Date "2011.09.10"]
[Round "4"]
[White "Arkell,K"]
[Black "Longson,A"]
[Result "0-1"]
[WhiteElo "2409"]
[BlackElo "2249"]

1.c4 e6 2.Nc3 d5 3.d4 c6 4.e3 Nf6 5.Nf3 Nbd7 6.Bd3 dxc4 7.Bxc4 b5 8.Bd3 Bd6
9.a4 b4 10.Ne4 Nxe4 11.Bxe4 Bb7 12.a5 Rc8 13.Bd2 Ba6 14.Qc2 c5 15.d5 exd5
16.Bxd5 O-O 17.Bc4 Bb7 18.a6 Ba8 19.O-O-O Nb6 20.e4 Nxc4 21.Qxc4 Qa5 22.e5 Bxf3
23.gxf3 Bxe5 24.Kb1 Rc6 25.Qd5 Rxa6 26.Qxe5 Qa2+ 27.Kc2 Qc4+ 28.Bc3 bxc3
29.Qxc3 Qa4+ 30.Kb1 Rb8 31.Rhe1 Qa2+ 32.Kc2 Rab6 33.Rb1 Rb4 34.Re4 Rxe4 35.fxe4 Qa4+
36.Kc1 Rd8 37.Qc2 Qb4 38.b3 g6 39.Ra1 Rd4 40.Kb1 a5 41.f3 a4 42.Rxa4 Qe1+  0-1

[Event "ch-Euro Youth b16"]
[Site "Albena BUL"]
[Date "2011.09.11"]
[Round "1.26"]
[White "Lapidus,M"]
[Black "Beradze,I"]
[Result "0-1"]
[WhiteElo "1999"]
[BlackElo "2294"]

1.Nf3 d5 2.c4 e6 3.d4 c6 4.e3 Nf6 5.Nc3 Nbd7 6.Qc2 Bd6 7.b3 O-O 8.Bd3 b6
9.e4 dxe4 10.Nxe4 Bb4+ 11.Bd2 Bxd2+ 12.Nfxd2 e5 13.Nxf6+ Qxf6 14.Bxh7+ Kh8
15.Ne4 Qf4 16.g3 Qf3 17.O-O Qh5 18.Nd6 Qxh7 19.Qe2 e4 20.f4 Qg6 21.Nxe4 Nf6
22.Nd6 Be6 23.Rfe1 Rad8 24.c5 Bd5 25.Rac1 Ne8 26.Nxe8 Rfxe8 27.Qxe8+ Rxe8
28.Rxe8+ Kh7 29.Re3 Qf6 30.Rd3 Qf5 31.Re3 g5 32.a4 Bf3 33.b4 g4 34.b5 Qd5
35.Rd3 Qa2  0-1

[Event "TCh-POL 1st League"]
[Site "Mrzezyno POL"]
[Date "2011.09.11"]
[Round "9"]
[White "Szczechowicz,B"]
[Black "Walach,M"]
[Result "1/2-1/2"]
[WhiteElo "2279"]
[BlackElo "2369"]

1.d4 d5 2.c4 e6 3.Nc3 c6 4.e3 Nf6 5.Nf3 Nbd7 6.Bd3 dxc4 7.Bxc4 b5 8.Bd3 a6
9.O-O c5 10.Qe2 Bb7 11.Rd1 Qb6 12.dxc5 Nxc5 13.Bc2 Rc8 14.a3 Nce4 15.Nxe4 Nxe4
16.Rd4 f5 17.Bxe4 Bxe4 18.Ng5 Ba8 19.Rd1 Be7 20.Qh5+ g6 21.Qh6 Bf8 22.Qh3 Rd8
23.Bd2 Qd6 24.e4 Be7 25.Qb3 fxe4 26.Ba5 Bd5 27.Qc3 O-O 28.Bxd8 Bxd8 29.Nxe4 Qf4
30.f3 Bc7 31.Ng3 Be5 32.Qd2 Qf6 33.Rab1 Ba2 34.Rbc1 Bf4 35.Qe2 Bxc1 36.Rxc1 Qd4+  1/2-1/2

[Event "TCh-POL 1st League"]
[Site "Mrzezyno POL"]
[Date "2011.09.11"]
[Round "9"]
[White "Pieniazek,Ar"]
[Black "Stachowiak,K"]
[Result "1/2-1/2"]
[WhiteElo "2362"]
[BlackElo "2425"]

1.d4 d5 2.c4 e6 3.Nc3 c6 4.e3 Nf6 5.Nf3 Nbd7 6.Qc2 Bd6 7.Bd3 O-O 8.O-O Re8
9.e4 dxe4 10.Nxe4 Nxe4 11.Bxe4 h6 12.b3 Nf6 13.Bd3 c5 14.dxc5 Bxc5 15.Bb2 Qe7
16.Rad1 b6 17.Nd2 Bb7 18.Ne4 Nxe4 19.Bxe4 Rad8 20.Bxb7 Qxb7 21.Qc3 Bf8 22.Rd3 Rxd3
23.Qxd3 Be7 24.Qg3 f6 25.Rd1 Qe4 26.Qe3 Qc2 27.Qd2 Qf5 28.Qe2 Rd8 29.Rxd8+ Bxd8
30.Qd1 Be7 31.Bd4  1/2-1/2

[Event "8th LGA Premium Cup"]
[Site "Nuernberg GER"]
[Date "2011.09.11"]
[Round "7.4"]
[White "Malakhatko,V"]
[Black "Mihok,O"]
[Result "1/2-1/2"]
[WhiteElo "2543"]
[BlackElo "2445"]

1.d4 d5 2.c4 c6 3.Nc3 Nf6 4.e3 e6 5.Nf3 Nbd7 6.Bd3 dxc4 7.Bxc4 b5 8.Bd3 Bb7
9.O-O a6 10.e4 c5 11.d5 c4 12.Bc2 Qc7 13.dxe6 fxe6 14.Ne2 e5 15.Ng3 Bc5 16.b3 c3
17.Ng5 Qb6 18.b4 Bxb4 19.Bb3 O-O-O 20.Nf7 Nc5 21.Nxd8 Rxd8 22.Qf3 Nxb3 23.axb3 Kb8  1/2-1/2

[Event "ch-Euro Youth b16"]
[Site "Albena BUL"]
[Date "2011.09.12"]
[Round "2.19"]
[White "Meng,R"]
[Black "Ozdover,M"]
[Result "1-0"]
[WhiteElo "2289"]
[BlackElo "1876"]

1.d4 Nf6 2.Nf3 d5 3.c4 c6 4.Nc3 e6 5.e3 Bd6 6.Bd3 O-O 7.e4 dxe4 8.Nxe4 Nxe4
9.Bxe4 Bb4+ 10.Bd2 Bxd2+ 11.Qxd2 Nd7 12.O-O-O Nf6 13.Bc2 b6 14.Qf4 Bb7 15.g4 c5
16.Rhg1 Bxf3 17.Qxf3 Nd7 18.d5 Qg5+ 19.Kb1 Rae8 20.dxe6 fxe6 21.Qd3 Nf6 22.h4 Qxh4
23.g5 Rd8 24.Qxd8 Rxd8 25.Rxd8+ Kf7 26.gxf6 Kxf6 27.Rh8 h6 28.Rg8 g5 29.f3 Kf7
30.Rh8 a5 31.a3 Kf6 32.Rd1 Ke5 33.Re8 Qf2 34.Rh1 a4 35.Bxa4 h5 36.Rxh5 Qxf3
37.Rxg5+ Kd6 38.Rg6 Qd3+ 39.Bc2 Qxc4 40.Rexe6+ Kd7 41.Rxb6  1-0

[Event "10th Istanbul Open A"]
[Site "Istanbul TUR"]
[Date "2011.09.12"]
[Round "1"]
[White "Citak,S"]
[Black "Akpulat,Dogan"]
[Result "1-0"]
[WhiteElo "2351"]
[BlackElo "1863"]

1.d4 d5 2.c4 c6 3.Nc3 Nf6 4.e3 e6 5.Nf3 Nbd7 6.Bd3 Bd6 7.O-O dxc4 8.Bxc4 O-O
9.e4 e5 10.Bg5 exd4 11.Qxd4 Bc5 12.Qd1 Qe7 13.e5 Nxe5 14.Re1 Bxf2+ 15.Kxf2 Nfg4+
16.Kg3 Qc5 17.Qe2 Qxc4 18.Nxe5 Qxe2 19.Rxe2 Nxe5 20.Be7 f6 21.Bxf8 Kxf8 22.Ne4 Ke7
23.Nc5 Kd6 24.Rc1 b6 25.Rd2+ Ke7 26.Nd3 Bf5 27.Nxe5 fxe5 28.Rxc6 Rc8 29.Rxc8 Bxc8
30.Rd5 Ke6 31.Rd8 Bb7 32.Rg8 Kf6 33.a3 b5 34.Rb8 Bc6 35.Rc8 Bd5 36.Rc5 Bc4
37.a4 a6 38.a5 Kf5 39.Rc6 b4  1-0

[Event "ch-Euro Youth b16"]
[Site "Albena BUL"]
[Date "2011.09.14"]
[Round "4.3"]
[White "Bukavshin,I"]
[Black "Apryshko,G"]
[Result "0-1"]
[WhiteElo "2539"]
[BlackElo "2255"]

1.d4 Nf6 2.c4 e6 3.Nf3 d5 4.Nc3 c6 5.e3 Nbd7 6.Bd3 dxc4 7.Bxc4 b5 8.Bd3 Bd6
9.Bd2 O-O 10.Ne4 Nxe4 11.Bxe4 Bb7 12.b4 f5 13.Bc2 e5 14.Bb3+ Kh8 15.Bc3 Qe7
16.dxe5 Bxb4 17.Bxb4 Qxb4+ 18.Ke2 Rad8 19.Qd4 Qe7 20.Qxa7 Nxe5 21.Nxe5 Qxe5
22.Qxb7 Qb2+ 23.Kf3 f4 24.Qc7 fxe3+ 25.Kg3 Qxf2+ 26.Kh3 Rd4  0-1

[Event "2nd Livigno Open A"]
[Site "Livigno ITA"]
[Date "2011.09.14"]
[Round "4.5"]
[White "Mirzoev,A"]
[Black "Solodovnichenko,Y"]
[Result "1/2-1/2"]
[WhiteElo "2468"]
[BlackElo "2622"]

1.d4 Nf6 2.Nf3 d5 3.c4 e6 4.Nc3 c6 5.e3 Nbd7 6.b3 Bb4 7.Bd2 O-O 8.Be2 b6
9.O-O Qe7 10.Ne5 Bb7 11.Nxd7 Nxd7 12.Rc1 Rac8 13.Nb1 Bd6 14.Bc3 dxc4 15.Bxc4 c5
16.Nd2 cxd4 17.Bxd4 e5 18.Bb2 e4 19.Be2 Rxc1 20.Qxc1 Rc8 21.Qb1 Nc5 22.Rd1 Bb8
23.Nf1 Rd8 24.Rxd8+ Qxd8 25.Bd4 Ne6 26.Bb2 Nc5 27.Bd4 Ne6 28.Bb2  1/2-1/2

[Event "Pushchino Autumn"]
[Site "Pushchino RUS"]
[Date "2011.09.14"]
[Round "5"]
[White "Ivakhinova,I"]
[Black "Anfinogenova,Anastasiya"]
[Result "1-0"]
[WhiteElo "2288"]
[BlackElo "1732"]

1.d4 d5 2.Nf3 Nf6 3.c4 e6 4.Nc3 c6 5.e3 Bd6 6.Bd3 dxc4 7.Bxc4 Nbd7 8.O-O O-O
9.Qc2 Qc7 10.Rd1 b5 11.Bd3 e5 12.Ne4 exd4 13.Nxd6 Qxd6 14.Nxd4 Qc5 15.Nxc6 Qxc2
16.Bxc2 Bb7 17.Na5 Ba6 18.Bd2 Nb6 19.Bb4 Rfe8 20.Bb3 Nc4 21.Nxc4 bxc4 22.Ba4 Rec8
23.f3 Bb7 24.e4 Bc6 25.Bc2 Nd7 26.Rd4 Nb6 27.Rc1 Rd8 28.Rxd8+ Rxd8 29.Kf2 f6
30.Bd1 Bb5 31.Be2 Kf7 32.Ke3 g6 33.Ba5 Rc8 34.Kd4 Na4 35.Bxc4+ Bxc4 36.Rxc4 Rxc4+
37.Kxc4 Nxb2+ 38.Kb5 Ke6 39.Bc3 Nd1 40.Bd4 f5 41.Kc4 a6 42.Kd3  1-0

[Event "5th ch-Euro IBCA"]
[Site "Rhodes GRE"]
[Date "2011.09.14"]
[Round "8.28"]
[White "Zaja,Stjepan2"]
[Black "Colak,Remzi"]
[Result "1-0"]
[WhiteElo "1957"]
[BlackElo "1519"]

1.d4 d5 2.c4 c6 3.e3 e6 4.Nc3 Nf6 5.Nf3 Nbd7 6.Bd2 dxc4 7.Bxc4 b5 8.Bd3 Bb7
9.O-O a6 10.a3 c5 11.Rc1 c4 12.Bb1 Be7 13.e4 Qc7 14.Qc2 g6 15.Rfd1 O-O 16.Bg5 Rfe8
17.d5 e5 18.Qd2 Qd6 19.Bh4 Nh5 20.Bxe7 Qxe7 21.Qe3 Kg7 22.d6 Qf6 23.g3 h6
24.Rd2 Kh7 25.Rcd1 Qd8 26.Nd5 Bxd5 27.Rxd5 Nhf6 28.R5d2 Re6 29.Nh4 Ne8 30.f4 exf4
31.Qxf4 Qf6 32.Qxf6 Ndxf6 33.Rd4 Rd8 34.Ng2  1-0

[Event "ch-Euro Youth b14"]
[Site "Albena BUL"]
[Date "2011.09.15"]
[Round "5.1"]
[White "Petrosyan,M"]
[Black "Antipov,M2"]
[Result "1/2-1/2"]
[WhiteElo "2207"]
[BlackElo "2412"]

1.d4 Nf6 2.Nf3 d5 3.c4 c6 4.Nc3 e6 5.e3 Nbd7 6.Qc2 Bd6 7.Bd3 O-O 8.O-O dxc4
9.Bxc4 a6 10.e4 e5 11.Rd1 Qc7 12.h3 b5 13.Be2 c5 14.dxe5 Nxe5 15.Nxe5 Bxe5
16.a4 b4 17.Nd5 Nxd5 18.Rxd5 Be6 19.Rxc5 Qd6 20.Be3 b3 21.Qd1 Qxd1+ 22.Bxd1 Bxb2
23.Rb1 Rfd8 24.Bxb3  1/2-1/2

[Event "ch-Euro Youth b18"]
[Site "Albena BUL"]
[Date "2011.09.15"]
[Round "5.7"]
[White "Raznikov,D"]
[Black "Di Nicolantonio,L"]
[Result "1-0"]
[WhiteElo "2433"]
[BlackElo "2324"]

1.d4 Nf6 2.c4 e6 3.Nf3 d5 4.Nc3 c6 5.e3 Nbd7 6.Qc2 Bd6 7.Bd3 O-O 8.O-O dxc4
9.Bxc4 Qe7 10.e4 e5 11.h3 exd4 12.Nxd4 Nb6 13.Bd3 Re8 14.Be3 Bc5 15.Rae1 Rd8
16.Nb3 Bxe3 17.Rxe3 h6 18.Ne2 Nfd7 19.f4 Nd5 20.Rg3 Nb4 21.Qc3 Nf6 22.Bb1 a5
23.f5 Re8 24.Rd1 Bxf5 25.exf5 Nbd5 26.Rxd5 Qxe2 27.Rd2 Qe1+ 28.Kh2 Nh5 29.Rgd3 Nf4
30.Rd1 Qf2 31.Rg3 f6 32.Qc4+ Kh8 33.Rf1  1-0

[Event "10th Istanbul Open A"]
[Site "Istanbul TUR"]
[Date "2011.09.15"]
[Round "5"]
[White "Mohammad,Sam"]
[Black "Azam,Z"]
[Result "1-0"]
[WhiteElo "2349"]
[BlackElo "2204"]

1.d4 d5 2.c4 e6 3.Nc3 c6 4.e3 Nf6 5.Nf3 Nbd7 6.Qc2 Bd6 7.b3 O-O 8.Be2 Re8
9.O-O e5 10.cxd5 Nxd5 11.Nxd5 cxd5 12.dxe5 Nxe5 13.Bb2 Qf6 14.Rfd1 Bf5 15.Qd2 Be4
16.Nxe5 Bxe5 17.Bxe5 Qxe5 18.Qd4 Qg5 19.f3 Bf5 20.Kf2 Re6 21.h4 Qe7 22.Bd3 Bg6
23.Bxg6 hxg6 24.Rac1 Re8 25.Rd3 Rb6 26.Rc5 a5 27.g3 Rb4 28.Qxd5 a4 29.Rc4 Rxc4
30.Qxc4 Qa3 31.Rd2 axb3 32.axb3 Re6 33.g4 Re8 34.Rd7 Qb2+ 35.Kg3 Rf8 36.Rxb7 Qe5+
37.Qf4 Qa1 38.Kg2 Qe1 39.Qg3 Qxe3 40.Qf2 Qf4 41.Rd7 Re8 42.Qd2 Qf6 43.g5 Qe6
44.Rd8 Rxd8 45.Qxd8+ Kh7 46.Qd3 Qe1 47.h5 Qh4 48.hxg6+ fxg6 49.Qe3 Qb4 50.f4 Qa5
51.Qd3 Qb4 52.Kf3 Qb7+ 53.Ke3 Qe7+ 54.Qe4 Qc5+ 55.Kd3 Qd6+ 56.Qd4 Qa6+ 57.Qc4 Qa3
58.Kc3 Qa5+ 59.b4 Qa1+ 60.Kc2 Qa4+ 61.Kb2 Kh8 62.Qc8+ Kh7 63.Qh3+ Kg8 64.Qb3+  1-0

[Event "2nd Livigno Open A"]
[Site "Livigno ITA"]
[Date "2011.09.15"]
[Round "5.24"]
[White "Bosschem,T"]
[Black "Karl,H"]
[Result "0-1"]
[WhiteElo "2068"]
[BlackElo "2201"]

1.d4 d5 2.Nf3 c6 3.c4 e6 4.e3 Nf6 5.Nc3 Nbd7 6.Bd3 Bd6 7.e4 dxe4 8.Nxe4 Nxe4
9.Bxe4 Nf6 10.Bc2 Bb4+ 11.Bd2 Qa5 12.O-O Bxd2 13.Nxd2 O-O 14.c5 Qc7 15.Re1 b6
16.Qf3 Ba6 17.Qa3 Bb5 18.Qc3 a5 19.a4 Ba6 20.Ne4 Nxe4 21.Rxe4 g6 22.h4 Rae8
23.Rae1 Bc8 24.Bb3 b5 25.h5 b4 26.Qe3 Qe7 27.hxg6 hxg6 28.Qh6 Qf6 29.g4 Qg7
30.Qe3 Rd8 31.g5 Rfe8 32.Kg2 Kf8 33.Qf4 Kg8 34.Rh1 e5 35.Bxf7+ Kf8 36.Rh8+ Qxh8
37.Be6+ exf4  0-1

[Event "24th Moratalaz Open"]
[Site "Madrid ESP"]
[Date "2011.09.15"]
[Round "1.8"]
[White "Taboas Rodriguez,D"]
[Black "De la Esperanza Martin,A"]
[Result "1-0"]
[WhiteElo "2396"]
[BlackElo "1777"]

1.d4 d5 2.c4 e6 3.Nc3 c6 4.e3 Nf6 5.Nf3 Nbd7 6.Bd3 Bd6 7.O-O O-O 8.e4 dxe4
9.Nxe4 Nxe4 10.Bxe4 c5 11.Qc2 h6 12.Be3 Qc7 13.Rad1 Nf6 14.a3 Ng4 15.h3 Nxe3
16.fxe3 Rb8 17.b4 b6 18.dxc5 bxc5 19.b5 Qe7 20.a4 Bb7 21.a5 Bc7 22.a6 Bxe4
23.Qxe4 f5 24.Qc6 Rfd8 25.Kf2 Kh7 26.Rxd8 Rxd8 27.Ke2 Qd7 28.Qxd7 Rxd7 29.Ne1 g5
30.Nd3 Bd6 31.Rd1 Re7 32.Nb2 Bg3 33.Na4 Kg6 34.Kf3 Be5 35.Nxc5 Rc7 36.Nd7 Bb2
37.c5  1-0

[Event "5th ch-Euro IBCA"]
[Site "Rhodes GRE"]
[Date "2011.09.15"]
[Round "9.18"]
[White "Heinich,M"]
[Black "Zaja,Stjepan2"]
[Result "1/2-1/2"]
[WhiteElo "2079"]
[BlackElo "1957"]

1.d4 d5 2.c4 c6 3.Nf3 Nf6 4.Nc3 e6 5.e3 Nbd7 6.Bd3 dxc4 7.Bxc4 Be7 8.O-O O-O
9.e4 b6 10.Qe2 Bb7 11.Rd1 Qc7 12.Bg5 e5 13.Rac1 exd4 14.Nb5 Qb8 15.Nbxd4 c5
16.Nf5 Re8 17.Rxd7 Nxd7 18.Nxe7+ Kf8 19.Nd5 a6 20.a4 Bc6 21.Nc3 Qb7 22.Re1 f6
23.Bf4 g5 24.Bd6+ Kg7 25.Bd5 Rac8 26.Bxc6 Rxc6 27.Bg3  1/2-1/2

[Event "Shenzhen WGP 2011"]
[Site "Shenzhen CHN"]
[Date "2011.09.15"]
[Round "8"]
[White "Zhao Xue"]
[Black "Ruan Lufei"]
[Result "1-0"]
[WhiteElo "2497"]
[BlackElo "2477"]

1.d4 d5 2.c4 c6 3.Nc3 Nf6 4.e3 e6 5.Nf3 Nbd7 6.Qc2 Bd6 7.Bd3 dxc4 8.Bxc4 b5
9.Bd3 Bb7 10.O-O O-O 11.Rd1 Qc7 12.Bd2 a6 13.b4 Rad8 14.h3 h6 15.Rac1 Qb8
16.Ne2 Nd5 17.Qb3 Ne7 18.Bb1 Nb6 19.e4 e5 20.dxe5 Bxe5 21.Nxe5 Qxe5 22.Bf4 Rxd1+
23.Rxd1 Qe6 24.Qxe6 fxe6 25.Be3 Nec8 26.Bc2 Rf7 27.Nf4 Rd7 28.Rxd7 Nxd7 29.Bb3 Nf8
30.Bc5 g5 31.Bxe6+ Kg7 32.Nh5+  1-0

[Event "11th Josipa Ipavca Mem"]
[Site "Sentjur SLO"]
[Date "2011.09.16"]
[Round "3.24"]
[White "Zoric,D"]
[Black "Gaber,L"]
[Result "1-0"]
[WhiteElo "1761"]
[BlackElo "1502"]

1.d4 d5 2.c4 c6 3.e3 Nf6 4.Nc3 e6 5.Nf3 Nbd7 6.b3 Bb4 7.Bb2 Qa5 8.Qc2 Ne4
9.Rc1 O-O 10.Be2 Nxc3 11.Bxc3 Nf6 12.Nd2 Bxc3 13.Qxc3 Qxc3 14.Rxc3 Re8 15.f4 Nd7
16.c5 f6 17.Bg4 e5 18.Bxd7 Bxd7 19.Kf2 exd4 20.exd4 Bg4 21.Nf3 Bxf3 22.Kxf3 Re4
23.Rd1 Rae8 24.Rd2 f5 25.h4 h5 26.g3 Kf7 27.a4 a5 28.Rcd3 g6 29.Rb2 Re1 30.Kf2 Rh1
31.Rbd2 Ree1 32.Kf3 Rhf1+ 33.Rf2 Rd1 34.Rxd1 Rxd1 35.Ke3 Rb1 36.Rd2 Rxb3+
37.Kf2 Ke7 38.Re2+ Kd7 39.Rd2 Rb4 40.Ke3 Rxa4 41.Rd3 Rb4 42.Kd2 b5 43.cxb6 Rxb6
44.Ra3 Rb5 45.Kc3 Kd6 46.Ra4 c5 47.dxc5+ Rxc5+ 48.Kd3 Rb5 49.Kc3 Rc5+ 50.Kd3 Kc6
51.Ra3 Kb6 52.Kd4 Kb5 53.Rxa5+ Kxa5 54.Kxc5 d4 55.Kxd4 Kb5 56.Ke5 Kc5 57.Kf6 Kd6
58.Kxg6 Ke6 59.Kxh5  1-0